[Event "6th OHRA Open"]
[Site "Amsterdam NED"]
[Date "1987.08.05"]
[Round "3"]
[White "Lobron, Eric"]
[Black "Marinkovic, Ivan"]
[Result "1/2-1/2"]
[WhiteElo "2530"]
[BlackElo "2420"]
[EventDate "1987.08.03"]
[PlyCount "125"]

1.e4 Nf6 2.e5 Nd5 3.d4 d6 4.Nf3 g6 5.Bc4 c6 6.h3 Bg7 7.O-O O-O 8.Qe2 a5 9.
Re1 dxe5 10.dxe5 Na6 11.Bxd5 cxd5 12.Nc3 Be6 13.Be3 Qc7 14.Qd2 Rfc8 15.
Rad1 Nb4 16.a3 Nc6 17.Bf4 Rd8 18.Nb5 Qb6 19.a4 Rac8 20.b3 Rd7 21.Nfd4 Nxd4
22.Nxd4 Qd8 23.Bh6 Bxh6 24.Qxh6 Qf8 25.Qd2 b6 26.Qe3 Rc5 27.Rd3 Rdc7 28.
Qd2 Qg7 29.Rg3 Kf8 30.f4 Qh6 31.Rg5 Qh4 32.Rf1 Ke8 33.Rf3 Kd7 34.c3 Qh6 
35.Rgg3 Kc8 36.Nb5 Rd7 37.Rd3 Bf5 38.Rd4 Qh4 39.Re3 g5 40.g4 gxf4 41.Rxf4 
Be6 42.Rd3 h5 43.Nd4 hxg4 44.Nxe6 fxe6 45.Rxg4 Qh8 46.Qg5 Kb7 47.h4 Qc8 
48.Rgg3 Rdc7 49.Qd2 Qh8 50.Qf4 Qc8 51.Qd4 Qh8 52.Rdf3 Qh7 53.Rd3 Rc8 54.
Qg4 Rh8 55.Rd4 Rxc3 56.Rxc3 Rg8 57.Qxg8 Qxg8+ 58.Kf2 Qh8 59.Re3 Kc6 60.
Rc3+ Kd7 61.Re3 Kc6 62.b4 axb4 63.Rxb4 1/2-1/2

[Event "6th OHRA Open"]
[Site "Amsterdam NED"]
[Date "1987.08.05"]
[Round "3"]
[White "Mednis, Edmar John"]
[Black "Riemersma, Liafbern"]
[Result "1/2-1/2"]
[WhiteElo "2445"]
[BlackElo "2345"]
[EventDate "1987.08.03"]
[PlyCount "65"]

1.e4 c5 2.Nf3 d6 3.d4 cxd4 4.Qxd4 Nc6 5.Bb5 Bd7 6.Bxc6 Bxc6 7.c4 Nf6 8.Nc3
e6 9.O-O Be7 10.b3 O-O 11.a4 b6 12.Ba3 Qb8 13.Rfe1 Rd8 14.Rad1 Bf8 15.Nb5 
Ne8 16.Qe3 Nf6 17.Qd3 a6 18.Nbd4 Bb7 19.Bb2 Qa7 20.Nc2 Nd7 21.Qe3 Rac8 22.
a5 Nc5 23.axb6 Qxb6 24.b4 Nd7 25.Bd4 Qc7 26.Nd2 a5 27.b5 d5 28.Na3 e5 29.
Ba1 dxc4 30.Naxc4 Bb4 31.Qf3 f6 32.Qb3 Kh8 33.Qh3 1/2-1/2

[Event "6th OHRA Open"]
[Site "Amsterdam NED"]
[Date "1987.08.05"]
[Round "3"]
[White "Kuijf, Marinus"]
[Black "Peelen, Piet"]
[Result "1-0"]
[WhiteElo "2430"]
[BlackElo "2385"]
[EventDate "1987.08.03"]
[PlyCount "93"]

1.e4 c6 2.d4 d5 3.exd5 cxd5 4.c4 Nf6 5.Nc3 g6 6.cxd5 Nxd5 7.Qb3 Nb6 8.d5 
Bg7 9.Be3 O-O 10.Rd1 Na6 11.Bxa6 bxa6 12.Nge2 Bb7 13.O-O Qd6 14.Rd2 Rfd8 
15.Rfd1 a5 16.a3 a4 17.Nxa4 Bxd5 18.Qb5 e6 19.Nxb6 axb6 20.Nf4 Qe5 21.h3 
Rdb8 22.Nxd5 exd5 23.Bd4 Qe8 24.Qb3 Qa4 25.Qf3 Bxd4 26.Rxd4 Qc2 27.Rb4 Rd8
28.Rxb6 Rab8 29.Rxb8 Rxb8 30.b4 Ra8 31.Rxd5 Qc1+ 32.Rd1 Qc8 33.Rd7 Qe8 34.
Qd1 Qe5 35.Rd8+ Rxd8 36.Qxd8+ Kg7 37.Qd3 Qe1+ 38.Qf1 Qc3 39.Qb1 Qxa3 40.b5
Qe7 41.b6 Qb7 42.Qa1+ Kf8 43.Qa7 Qc6 44.b7 Qc1+ 45.Kh2 Qc7+ 46.g3 Qxb7 47.
Qxb7 1-0

[Event "6th OHRA Open"]
[Site "Amsterdam NED"]
[Date "1987.08.06"]
[Round "4"]
[White "Gavrikov, Viktor"]
[Black "Van der Sterren, Paul"]
[Result "1-0"]
[WhiteElo "2525"]
[BlackElo "2525"]
[EventDate "1987.08.03"]
[PlyCount "183"]

1.e4 e5 2.Nf3 Nc6 3.Bc4 Nf6 4.d3 Bc5 5.O-O d6 6.c3 a6 7.a4 O-O 8.Nbd2 Ba7 
9.a5 Ne7 10.Re1 Ng6 11.Nf1 Re8 12.Bb3 h6 13.Be3 Be6 14.Bxa7 Rxa7 15.Ng3 c6
16.d4 Ra8 17.Bc2 Qc7 18.Bd3 Rad8 19.Qc2 Nf4 20.Bf1 Bg4 21.Nh4 d5 22.h3 Bc8
23.Nf3 Ng6 24.exd5 Nxd5 25.Bc4 exd4 26.Rxe8+ Rxe8 27.Bxd5 cxd5 28.Nxd4 Ne5
29.Qe2 Bd7 30.Qh5 Nc4 31.b4 Ne5 32.Nde2 Be6 33.Rd1 Nd7 34.Qf3 Nf6 35.Nf4 
Qe5 36.Rd4 Rc8 37.Nd3 Qd6 38.Nc5 Qe5 39.Rd3 Rc7 40.Re3 Qd6 41.Qd1 b6 42.
axb6 Qxb6 43.Nh5 Nxh5 44.Qxh5 Rc6 45.Rg3 Qc7 46.Qh4 Qe5 47.Re3 Qf6 48.Qxf6
gxf6 49.Nb3 Bd7 50.Nd4 Rc7 51.Kh2 a5 52.bxa5 Kf8 53.Kg3 Ra7 54.Kh4 Rxa5 
55.Kh5 Ra2 56.Re2 Ra3 57.Re3 Ra2 58.Rf3 Kg7 59.Rg3+ Kh7 60.Re3 Rxf2 61.Re7
Bf5 62.Rxf7+ Kg8 63.Rc7 Rxg2 64.Nxf5 Rg5+ 65.Kxh6 Rxf5 66.Kg6 Rg5+ 67.Kxf6
Rg3 68.Ke5 Rd3 69.h4 Kh8 70.h5 Kg8 71.Kd6 Kh8 72.Rc5 Kh7 73.Kc6 Kh6 74.Kb5
Rh3 75.Rc8 Rd3 76.Rc5 Rh3 77.Kb6 Rd3 78.Kc6 Kh7 79.Kb5 Kg7 80.Rc6 Kh7 81.
Kb4 Rh3 82.h6 Rg3 83.Rd6 Rd3 84.Kb3 Rd2 85.Rf6 Rh2 86.Rf5 Kxh6 87.Rxd5 Kg6
88.c4 Kf6 89.c5 Rh4 90.Rd7 Ke6 91.c6 Rg4 92.Rd8 1-0

[Event "6th OHRA Open"]
[Site "Amsterdam NED"]
[Date "1987.08.06"]
[Round "4"]
[White "Dlugy, Maxim"]
[Black "Campora, Daniel Hugo"]
[Result "1-0"]
[WhiteElo "2545"]
[BlackElo "2545"]
[EventDate "1987.08.03"]
[PlyCount "117"]

1.d4 d5 2.c4 e6 3.Nf3 Nf6 4.Nc3 Be7 5.Bg5 h6 6.Bxf6 Bxf6 7.e3 O-O 8.Rc1 a6
9.Qc2 Nc6 10.a3 Re8 11.Be2 dxc4 12.Bxc4 e5 13.d5 Ne7 14.O-O Nf5 15.Bd3 Nd6
16.Nd2 Bd7 17.Nce4 Rc8 18.Qb3 Be7 19.Nxd6 Bxd6 20.Qxb7 Rb8 21.Qxa6 Rxb2 
22.Ne4 Rb6 23.Qa5 Qa8 24.Qxa8 Rxa8 25.Nxd6 cxd6 26.Rc3 Kf8 27.f4 exf4 28.
Rxf4 Ke7 29.Rb4 Rbb8 30.Kf2 f5 31.Rcb3 Rxb4 32.axb4 Kd8 33.Kf3 Kc7 34.h3 
Kb6 35.g4 fxg4+ 36.hxg4 Rf8+ 37.Kg3 Re8 38.Bf5 Bxf5 39.gxf5 Re5 40.Kf4 
Rxd5 41.Rb1 Rb5 42.e4 Kc6 43.Rc1+ Kd7 44.Rg1 Rxb4 45.Rxg7+ Ke8 46.Ke3 h5 
47.Rh7 h4 48.Rxh4 Ra4 49.Rh7 Rb4 50.Ra7 Rc4 51.f6 Rb4 52.Re7+ Kf8 53.Rd7 
Rb6 54.Kf4 Ke8 55.Re7+ Kf8 56.Kf5 Rb5+ 57.Kg6 Rb1 58.Rd7 Rg1+ 59.Kf5 1-0

[Event "6th OHRA Open"]
[Site "Amsterdam NED"]
[Date "1987.08.06"]
[Round "4"]
[White "Murey, Jacob"]
[Black "Belkhodja, Slim"]
[Result "1-0"]
[WhiteElo "2505"]
[BlackElo "2375"]
[EventDate "1987.08.03"]
[PlyCount "41"]

1.d4 Nf6 2.c4 d6 3.Nc3 g6 4.e4 Bg7 5.f3 O-O 6.Be3 e5 7.Nge2 Nbd7 8.Qd2 a6 
9.O-O-O b5 10.Bh6 bxc4 11.h4 exd4 12.Nxd4 Ne5 13.Bxg7 Kxg7 14.h5 c5 15.
hxg6 fxg6 16.Nc2 Be6 17.Ne3 Nf7 18.f4 Qe7 19.Be2 Rae8 20.Bf3 g5 21.g3 1-0

[Event "6th OHRA Open"]
[Site "Amsterdam NED"]
[Date "1987.08.06"]
[Round "4"]
[White "Douven, Rudy"]
[Black "De Boer, Gert Jan"]
[Result "1/2-1/2"]
[WhiteElo "2425"]
[BlackElo "2390"]
[EventDate "1987.08.03"]
[PlyCount "56"]

1.d4 Nf6 2.c4 e6 3.Nf3 d5 4.Nc3 Be7 5.Bg5 O-O 6.e3 h6 7.Bxf6 Bxf6 8.Rc1 a6
9.Bd3 dxc4 10.Bxc4 Nd7 11.O-O c5 12.Qe2 cxd4 13.exd4 b5 14.Bb3 Nb6 15.Ne4 
Bb7 16.Rfd1 Bd5 17.Ne5 Bxb3 18.axb3 Nd5 19.Nc5 Qd6 20.Ne4 Qe7 21.Rc5 Rfc8 
22.Nc6 Qd7 23.Rxd5 exd5 24.Nxf6+ gxf6 25.Ne7+ Kg7 26.Nxc8 Rxc8 27.h3 Qe6 
28.Qd3 Qe4 1/2-1/2

[Event "6th OHRA Open"]
[Site "Amsterdam NED"]
[Date "1987.08.06"]
[Round "4"]
[White "Carlier, Bruno"]
[Black "Boersma, Paulus"]
[Result "1-0"]
[WhiteElo "2380"]
[BlackElo "2410"]
[EventDate "1987.08.03"]
[PlyCount "35"]

1.e4 c6 2.d4 d5 3.exd5 cxd5 4.c4 Nf6 5.Nc3 Nc6 6.Nf3 Bg4 7.cxd5 Nxd5 8.Qb3
Bxf3 9.gxf3 Nb6 10.d5 Nd4 11.Bb5+ Nd7 12.Qa4 Nxf3+ 13.Ke2 Ne5 14.Bf4 Ng6 
15.Bg3 a6 16.Bxd7+ Qxd7 17.Qxd7+ Kxd7 18.Na4 1-0

[Event "6th OHRA Open"]
[Site "Amsterdam NED"]
[Date "1987.08.06"]
[Round "4"]
[White "Ligterink, Gert"]
[Black "Kuijf, Marinus"]
[Result "1-0"]
[WhiteElo "2450"]
[BlackElo "2430"]
[EventDate "1987.08.03"]
[PlyCount "63"]

1.d4 Nf6 2.Nf3 d5 3.c4 g6 4.cxd5 Bg7 5.Qa4+ c6 6.dxc6 Nxc6 7.Nc3 O-O 8.e3 
Bf5 9.Be2 a6 10.O-O b5 11.Qd1 Qb6 12.Bd2 Rfd8 13.a4 b4 14.a5 Qc7 15.Na4 
Qxa5 16.Qb3 Ne4 17.Rfc1 Rd6 18.Nc5 Qb6 19.Be1 e5 20.Bc4 exd4 21.Nxe4 Bxe4 
22.Ng5 Bf5 23.Nxf7 Rf6 24.e4 Bc8 25.Bd5 Bb7 26.Ne5+ Kh8 27.Bxc6 Bxc6 28.
Rxc6 Rxc6 29.Nf7+ Kg8 30.Nh6+ Kh8 31.Qg8+ Rxg8 32.Nf7# 1-0

[Event "6th OHRA Open"]
[Site "Amsterdam NED"]
[Date "1987.08.06"]
[Round "4"]
[White "Lobron, Eric"]
[Black "Cifuentes Parada, Roberto"]
[Result "0-1"]
[WhiteElo "2530"]
[BlackElo "2490"]
[EventDate "1987.08.03"]
[PlyCount "74"]

1.e4 c5 2.Nf3 d6 3.d4 cxd4 4.Nxd4 Nf6 5.Nc3 Nc6 6.Bg5 Bd7 7.Bxf6 gxf6 8.
Nb3 f5 9.exf5 Bxf5 10.Nd5 Bg7 11.c3 O-O 12.Ne3 Bg6 13.h4 h6 14.Bd3 e6 15.
Bxg6 fxg6 16.Qe2 a5 17.a4 Qb6 18.Ra3 d5 19.h5 g5 20.Ng4 Rae8 21.O-O Rf4 
22.g3 Re4 23.Qd1 Ne5 24.Nxe5 Rxe5 25.Nd4 Re4 26.Rb3 Qc7 27.Re1 Rxe1+ 28.
Qxe1 Qf7 29.Rb6 e5 30.Nb5 Qxh5 31.Rxb7 e4 32.Nc7 Re5 33.Qe3 Qd1+ 34.Kg2 g4
35.Rb8+ Kh7 36.Nxd5 Qf3+ 37.Qxf3 exf3+ 0-1

[Event "6th OHRA Open"]
[Site "Amsterdam NED"]
[Date "1987.08.06"]
[Round "4"]
[White "Marinkovic, Ivan"]
[Black "Mednis, Edmar John"]
[Result "1-0"]
[WhiteElo "2420"]
[BlackElo "2445"]
[EventDate "1987.08.03"]
[PlyCount "89"]

1.e4 c5 2.Nf3 Nc6 3.Nc3 d6 4.d4 cxd4 5.Nxd4 Nf6 6.g3 g6 7.Nde2 Bg7 8.Bg2 
Bd7 9.O-O Rc8 10.Nd5 O-O 11.a4 Ne5 12.h3 Nxd5 13.exd5 Qb6 14.Ra2 e6 15.Be3
Qc7 16.b3 exd5 17.Nf4 Bc6 18.Nxd5 Bxd5 19.Bxd5 Nc6 20.c4 Rfe8 21.Rd2 Rcd8 
22.Qf3 Rd7 23.Rfd1 Be5 24.c5 Nd8 25.Bc4 a6 26.h4 Ree7 27.Bg5 Qxc5 28.Bxe7 
Rxe7 29.h5 Kg7 30.hxg6 hxg6 31.Kg2 Ne6 32.Qd5 Qxd5+ 33.Rxd5 Nc7 34.R5d3 b5
35.Bd5 b4 36.Re3 Bf6 37.Rxe7 Bxe7 38.Bb7 a5 39.Rc1 Ne6 40.Rc8 Nc5 41.Bd5 
f5 42.Ra8 Kf6 43.f4 g5 44.Rxa5 gxf4 45.gxf4 1-0

[Event "6th OHRA Open"]
[Site "Amsterdam NED"]
[Date "1987.08.06"]
[Round "4"]
[White "Heinbuch, Detlef"]
[Black "Gutman, Lev"]
[Result "1-0"]
[WhiteElo "2380"]
[BlackElo "2475"]
[EventDate "1987.08.03"]
[PlyCount "79"]

1.c4 b6 2.Nc3 e6 3.g3 Bb7 4.e4 Bb4 5.Nge2 f5 6.d3 fxe4 7.Bg2 Nc6 8.dxe4 
Nf6 9.O-O O-O 10.h3 Ne5 11.b3 Bc5 12.Bf4 Ng6 13.Bc1 Qe8 14.Bb2 Qf7 15.Kh1 
Ne5 16.f3 Qh5 17.Qd2 Rf7 18.Rad1 Raf8 19.Nf4 Qh6 20.Nce2 Nxf3 21.Bxf3 Nxe4
22.Bxe4 Bxe4+ 23.Kh2 g5 24.Qc3 Rf6 25.Rxd7 gxf4 26.Nxf4 Bd6 27.Qe3 Bf5 28.
Bxf6 Rxf6 29.g4 Bxg4 30.Rxd6 cxd6 31.Rg1 Qxf4+ 32.Qxf4 Rxf4 33.Kg3 Rf3+ 
34.Kxg4 Rf2 35.Rd1 Rxa2 36.Rxd6 Kf7 37.Rd7+ Kg6 38.Re7 Kf6 39.Rxh7 Ra3 40.
Rd7 1-0

[Event "6th OHRA Open"]
[Site "Amsterdam NED"]
[Date "1987.08.06"]
[Round "4"]
[White "Romero Holmes, Alfonso"]
[Black "Winants, Luc"]
[Result "1-0"]
[WhiteElo "2440"]
[BlackElo "2440"]
[EventDate "1987.08.03"]
[PlyCount "81"]

1.e4 c5 2.Nf3 d6 3.d4 cxd4 4.Nxd4 Nf6 5.Nc3 Nc6 6.Be3 e6 7.Qd2 Be7 8.Be2 
O-O 9.O-O-O a6 10.f4 Qc7 11.g4 Nxd4 12.Qxd4 e5 13.Qd3 exf4 14.Bxf4 Be6 15.
g5 Nd7 16.Bxd6 Bxd6 17.Qxd6 Qa5 18.h4 Rac8 19.Nd5 Kh8 20.Kb1 Qa4 21.Bd3 
Nc5 22.b3 Qa3 23.h5 Rfd8 24.Qe5 Nd7 25.Qa1 Qd6 26.h6 Qe5 27.hxg7+ Kxg7 28.
Rh6 Qxa1+ 29.Kxa1 Ne5 30.Nf6 Rh8 31.Rdh1 Rcd8 32.Nh5+ Kg8 33.Nf4 Re8 34.
Kb2 Ng4 35.R6h4 Bc8 36.Nh5 Kf8 37.Nf6 Nxf6 38.gxf6 Kg8 39.e5 Rxe5 40.Bxh7+
Kf8 41.Bf5 1-0

[Event "6th OHRA Open"]
[Site "Amsterdam NED"]
[Date "1987.08.08"]
[Round "5"]
[White "Gavrikov, Viktor"]
[Black "Hort, Vlastimil"]
[Result "1/2-1/2"]
[WhiteElo "2525"]
[BlackElo "2570"]
[EventDate "1987.08.03"]
[PlyCount "49"]

1.d4 Nf6 2.c4 e6 3.Nc3 d5 4.Nf3 Nbd7 5.Bg5 h6 6.Bh4 Be7 7.e3 O-O 8.Rc1 a6 
9.c5 c6 10.Bd3 Re8 11.b4 a5 12.a3 axb4 13.axb4 b6 14.O-O bxc5 15.dxc5 e5 
16.Bxf6 Bxf6 17.e4 d4 18.Na4 Ba6 19.Ne1 Qb8 20.Bxa6 Rxa6 21.Nd3 Bg5 22.Rc4
Qb5 23.Nab2 Ra3 24.Rc2 Rc3 25.g3 1/2-1/2

[Event "6th OHRA Open"]
[Site "Amsterdam NED"]
[Date "1987.08.08"]
[Round "5"]
[White "Murey, Jacob"]
[Black "Dlugy, Maxim"]
[Result "1/2-1/2"]
[WhiteElo "2505"]
[BlackElo "2545"]
[EventDate "1987.08.03"]
[PlyCount "76"]

1.e4 c5 2.Nf3 Nc6 3.d4 cxd4 4.Nxd4 Nf6 5.Nc3 d6 6.Bg5 e6 7.Qd2 a6 8.O-O-O 
h6 9.Be3 Nxd4 10.Bxd4 b5 11.Qe3 Bd7 12.f4 b4 13.Ne2 Be7 14.Kb1 Qc7 15.e5 
dxe5 16.Bxe5 Qb7 17.Nd4 Ng4 18.Qg3 Nxe5 19.fxe5 O-O 20.Bd3 Bb5 21.Qf3 Qxf3
22.gxf3 Bxd3 23.Rxd3 Rfc8 24.f4 Rc5 25.Re1 g6 26.a3 bxa3 27.Rxa3 Rc4 28.
Rd3 g5 29.b3 Rb8 30.f5 Bb4 31.Red1 Rc5 32.fxe6 fxe6 33.Nxe6 Rxe5 34.Nc7 a5
35.Na6 Rbe8 36.Nxb4 axb4 37.Kb2 Kg7 38.R1d2 h5 1/2-1/2

[Event "6th OHRA Open"]
[Site "Amsterdam NED"]
[Date "1987.08.08"]
[Round "5"]
[White "Campora, Daniel Hugo"]
[Black "De Boer, Gert Jan"]
[Result "1-0"]
[WhiteElo "2545"]
[BlackElo "2390"]
[EventDate "1987.08.03"]
[PlyCount "83"]

1.e4 c6 2.d4 d5 3.Nd2 dxe4 4.Nxe4 Bf5 5.Ng3 Bg6 6.Bc4 e6 7.N1e2 Nf6 8.O-O 
Bd6 9.f4 Qd7 10.Bd3 Bxd3 11.Qxd3 g6 12.f5 gxf5 13.Bg5 Be7 14.Rae1 Nd5 15.
Bxe7 Nxe7 16.Nh5 Qd6 17.Nef4 Nd7 18.Nxe6 fxe6 19.Rxe6 Qd5 20.c4 Qa5 21.
Rxf5 Qxa2 22.Ng7+ Kd8 23.Rxe7 Kxe7 24.Qe3+ Kd8 25.Ne6+ Ke7 26.Nc5+ Kd8 27.
Nxd7 Qb1+ 28.Rf1 Qxf1+ 29.Kxf1 Kxd7 30.Qh3+ Ke7 31.Qh4+ Kd7 32.Qg4+ Kd6 
33.Qf4+ Ke6 34.Qe5+ Kd7 35.Qg7+ Kd6 36.Qf6+ Kc7 37.Qf7+ Kb6 38.c5+ Ka6 39.
Qa2+ Kb5 40.Qb3+ Ka5 41.Qxb7 Rae8 42.h3 1-0

[Event "6th OHRA Open"]
[Site "Amsterdam NED"]
[Date "1987.08.08"]
[Round "5"]
[White "Rodriguez Cespedes, Amador"]
[Black "Marinkovic, Ivan"]
[Result "1-0"]
[WhiteElo "2515"]
[BlackElo "2420"]
[EventDate "1987.08.03"]
[PlyCount "158"]

1.e4 Nf6 2.e5 Nd5 3.d4 d6 4.Nf3 Bg4 5.Be2 e6 6.O-O Be7 7.h3 Bh5 8.c4 Nb6 
9.Be3 O-O 10.Nbd2 Nc6 11.exd6 cxd6 12.Rc1 a5 13.Re1 d5 14.c5 Nd7 15.Qa4 
Bg6 16.Bb5 Qc7 17.Nb1 Nf6 18.Bxc6 bxc6 19.Ne5 Rfc8 20.Nc3 Nd7 21.Nxd7 Qxd7
22.Qd1 Rcb8 23.Na4 Bd8 24.Bf4 Rb7 25.Qd2 Raa7 26.b3 Rb4 27.Qe3 h6 28.Rcd1 
Kh7 29.g4 Rab7 30.Qg3 Qe7 31.Kg2 Be4+ 32.f3 Bg6 33.Qf2 Ra7 34.Re2 Qd7 35.
Bd6 Rab7 36.Qg3 Qe8 37.Kh2 Qg8 38.Rg2 Kh8 39.Be5 Qh7 40.Qf2 Qg8 41.h4 f6 
42.Bd6 h5 43.g5 fxg5 44.hxg5 Qf7 45.Qe3 Bc7 46.Bxc7 Rxc7 47.Nb6 Qf5 48.Re1
Kh7 49.Rf2 Bf7 50.Qd2 Bg6 51.Re5 Qf7 52.Kg3 Bf5 53.Rh2 Qg6 54.Qe3 Kg8 55.
Kg2 Qf7 56.Kg1 Qg6 57.Qd2 Bd3 58.Qe3 Bf5 59.Kf2 Qf7 60.Ke1 Qg6 61.Kd2 Bb1 
62.Kc3 Bf5 63.Qf4 Qf7 64.Rxf5 exf5 65.g6 Qe7 66.Rxh5 Qe1+ 67.Kb2 Qf2+ 68.
Ka3 Qxd4 69.Qh2 Rxb3+ 70.axb3 Qa1+ 71.Qa2 Qc1+ 72.Qb2 Qxc5+ 73.Ka2 Qg1 74.
Rxf5 Qxg6 75.Re5 Qg1 76.Qe2 Qxb6 77.Re8+ Kh7 78.Qc2+ Kh6 79.Re6+ Kh5 1-0

[Event "6th OHRA Open"]
[Site "Amsterdam NED"]
[Date "1987.08.08"]
[Round "5"]
[White "Cifuentes Parada, Roberto"]
[Black "Van der Sterren, Paul"]
[Result "1/2-1/2"]
[WhiteElo "2490"]
[BlackElo "2525"]
[EventDate "1987.08.03"]
[PlyCount "73"]

1.d4 d5 2.c4 e6 3.Nc3 Nf6 4.Bg5 Be7 5.e3 O-O 6.Rc1 h6 7.Bh4 b6 8.cxd5 Nxd5
9.Bxe7 Qxe7 10.Nxd5 exd5 11.Bd3 c5 12.Ne2 c4 13.Bb1 Nd7 14.O-O Nf6 15.Ng3 
Bb7 16.Re1 Rfd8 17.f3 Qb4 18.Qc2 Rac8 19.Nf5 Qf8 20.e4 dxe4 21.fxe4 g6 22.
e5 Nh7 23.e6 fxe6 24.Nh4 Qf6 25.Nxg6 Rc7 26.Re5 Rf7 27.Qe2 Rxd4 28.Rxe6 
Qg5 29.Re8+ Kg7 30.Qe5+ Qxe5 31.Nxe5 Rc7 32.Bxh7 Kxh7 33.Rxc4 Rdxc4 34.
Nxc4 Bxg2 35.Kxg2 Rxc4 36.Re7+ Kg6 37.Rxa7 1/2-1/2

[Event "6th OHRA Open"]
[Site "Amsterdam NED"]
[Date "1987.08.08"]
[Round "5"]
[White "Belkhodja, Slim"]
[Black "Romero Holmes, Alfonso"]
[Result "1-0"]
[WhiteElo "2375"]
[BlackElo "2440"]
[EventDate "1987.08.03"]
[PlyCount "121"]

1.e4 e6 2.d3 d5 3.Nd2 Nc6 4.Ngf3 Nf6 5.g3 dxe4 6.dxe4 e5 7.Bg2 Bc5 8.O-O 
O-O 9.Qe2 Bg4 10.c3 a5 11.h3 Bh5 12.Nc4 Re8 13.Qc2 Bg6 14.Nh4 h6 15.Ne3 
Ne7 16.Nxg6 Nxg6 17.Rd1 Qb8 18.Nf5 Qa7 19.Be3 Bxe3 20.Nxe3 Rad8 21.Qb3 Nf8
22.h4 Ne6 23.Qc4 Qc5 24.Qxc5 Nxc5 25.f3 b6 26.Bf1 Kf8 27.Bb5 Rxd1+ 28.Rxd1
Rc8 29.Bc6 Ke7 30.g4 Ne8 31.Rd5 g6 32.Rxe5+ Ne6 33.Rd5 Nf6 34.Rd2 Rd8 35.
Rxd8 Nxd8 36.Bd5 c6 37.Bb3 Nb7 38.Nc4 Nd7 39.Kf2 a4 40.Bc2 b5 41.Ne3 Nd6 
42.f4 f6 43.Kf3 g5 44.h5 Nc5 45.fxg5 fxg5 46.Nf5+ Nxf5 47.exf5 Kd6 48.Ke3 
Nd7 49.Bd1 Nb6 50.Ke4 Nd5 51.f6 Nxf6+ 52.Kf5 Nd5 53.Kg6 Ke5 54.Kxh6 Kf6 
55.Kh7 Kf7 56.Bf3 Ne7 57.a3 Kf6 58.c4 Kf7 59.cxb5 cxb5 60.Be4 Kf6 61.Bd3 
1-0

[Event "6th OHRA Open"]
[Site "Amsterdam NED"]
[Date "1987.08.08"]
[Round "5"]
[White "Farago, Ivan"]
[Black "Riemersma, Liafbern"]
[Result "1/2-1/2"]
[WhiteElo "2475"]
[BlackElo "2345"]
[EventDate "1987.08.03"]
[PlyCount "46"]

1.d4 Nf6 2.c4 g6 3.Nc3 Bg7 4.e4 d6 5.Be2 O-O 6.Nf3 e5 7.O-O Nc6 8.d5 Ne7 
9.Nd2 a5 10.Rb1 Nd7 11.a3 f5 12.b4 b6 13.Nb3 axb4 14.axb4 fxe4 15.Nxe4 Nf6
16.Nxf6+ Bxf6 17.Bh6 Bg7 18.Bxg7 Kxg7 19.f4 exf4 20.Qd4+ Kg8 21.Rxf4 Nf5 
22.Qd2 Qe7 23.Bg4 Qe3+ 1/2-1/2

[Event "6th OHRA Open"]
[Site "Amsterdam NED"]
[Date "1987.08.08"]
[Round "5"]
[White "Ligterink, Gert"]
[Black "Geller, Efim"]
[Result "0-1"]
[WhiteElo "2450"]
[BlackElo "2515"]
[EventDate "1987.08.03"]
[PlyCount "80"]

1.d4 d5 2.c4 e6 3.Nc3 Be7 4.cxd5 exd5 5.Bf4 c6 6.e3 Bf5 7.Nge2 Nd7 8.Ng3 
Bg6 9.Be2 Qb6 10.Qd2 h5 11.e4 h4 12.Nf5 dxe4 13.Nd6+ Bxd6 14.Bxd6 Ne7 15.
d5 Nf6 16.dxc6 bxc6 17.Qf4 Qxb2 18.Rc1 Nfd5 19.Nxd5 Nxd5 20.Qg5 Rd8 21.Bc5
Bh5 22.Rc2 Qa1+ 23.Rc1 Qf6 24.Qxf6 Nxf6 25.Bc4 Nd7 26.Bxa7 h3 27.O-O hxg2 
28.Kxg2 Bf3+ 29.Kg1 Rh6 30.Rfe1 Ne5 31.Be3 Rg6+ 32.Kf1 Bg2+ 33.Ke2 Bf3+ 
34.Kf1 Rg4 35.Be2 Bg2+ 36.Kg1 Bf3+ 37.Kf1 Bg2+ 38.Kg1 Nf3+ 39.Bxf3 Bxf3+ 
40.Kf1 Rh4 0-1

[Event "6th OHRA Open"]
[Site "Amsterdam NED"]
[Date "1987.08.08"]
[Round "5"]
[White "Mednis, Edmar John"]
[Black "Heinbuch, Detlef"]
[Result "1/2-1/2"]
[WhiteElo "2445"]
[BlackElo "2380"]
[EventDate "1987.08.03"]
[PlyCount "56"]

1.c4 c5 2.Nf3 Nf6 3.g3 b6 4.Bg2 Bb7 5.O-O e6 6.d4 cxd4 7.Qxd4 d6 8.Nc3 a6 
9.Rd1 Be7 10.b3 Nbd7 11.e4 Qc8 12.Bb2 O-O 13.Rac1 Rd8 14.Qe3 Qc7 15.h3 
Rac8 16.Ba3 Bf8 17.Nd4 Qb8 18.Bb2 Qa8 19.Re1 Qb8 20.Rcd1 Ne8 21.Kh2 Nc7 
22.f4 Ba8 23.Qe2 Ne8 24.f5 Nc7 25.fxe6 fxe6 26.Rf1 Be7 27.Nxe6 Nxe6 28.Nd5
Bf6 1/2-1/2

[Event "6th OHRA Open"]
[Site "Amsterdam NED"]
[Date "1987.08.08"]
[Round "5"]
[White "Kuijf, Marinus"]
[Black "Carlier, Bruno"]
[Result "1/2-1/2"]
[WhiteElo "2430"]
[BlackElo "2380"]
[EventDate "1987.08.03"]
[PlyCount "127"]

1.e4 c5 2.Nf3 Nc6 3.d4 cxd4 4.Nxd4 Qb6 5.Nb3 Nf6 6.Nc3 e6 7.Bd3 Be7 8.O-O 
d6 9.Kh1 a6 10.f4 Qc7 11.Qf3 O-O 12.Qh3 Rd8 13.Bd2 b5 14.a3 Rb8 15.Ne2 e5 
16.Qg3 Nh5 17.Qf2 exf4 18.Nc3 Be6 19.Nd5 Qd7 20.Bxf4 Nxf4 21.Qxf4 a5 22.
Rae1 a4 23.Nd2 Ne5 24.Nf3 Bxd5 25.exd5 Nxd3 26.cxd3 Bf6 27.Nd4 Bxd4 28.
Qxd4 Re8 29.Re4 f5 30.Ref4 Re5 31.g4 Rf8 32.Qf2 g6 33.d4 Rxd5 34.Qg2 Qe6 
35.h4 Kh8 36.Qf3 Rg8 37.gxf5 Rxf5 38.Rxf5 gxf5 39.Qxf5 Qxf5 40.Rxf5 Rg4 
41.Rd5 Kg7 42.h5 Kh6 43.Kh2 Rg5 44.Rxd6+ Kxh5 45.Kh3 Rf5 46.Kg3 Kg5 47.Re6
h5 48.Re4 Kf6 49.Re2 Rg5+ 50.Kh3 Rd5 51.Kh4 Rxd4+ 52.Kxh5 Kf5 53.Kh6 Re4 
54.Rc2 Kf4 55.Kg6 Re3 56.Kf6 Ke4 57.Rc5 Rb3 58.Rc2 Kd3 59.Rh2 Kd4 60.Ke6 
Rg3 61.Rh4+ Kc5 62.Rh5+ Kc6 63.Ke5 Rd3 64.Rh2 1/2-1/2

[Event "6th OHRA Open"]
[Site "Amsterdam NED"]
[Date "1987.08.08"]
[Round "5"]
[White "Peelen, Piet"]
[Black "Lobron, Eric"]
[Result "0-1"]
[WhiteElo "2385"]
[BlackElo "2530"]
[EventDate "1987.08.03"]
[PlyCount "70"]

1.e4 c5 2.Nf3 e6 3.Nc3 a6 4.g3 b5 5.Bg2 Bb7 6.d4 cxd4 7.Nxd4 Ne7 8.Be3 
Nec6 9.Nb3 d6 10.O-O Nd7 11.f4 Be7 12.f5 O-O 13.fxe6 fxe6 14.Qg4 Rxf1+ 15.
Rxf1 Nf8 16.e5 Nxe5 17.Rxf8+ Kxf8 18.Qf4+ Kg8 19.Bxb7 Rb8 20.Bxa6 Bg5 21.
Qe4 b4 22.Ne2 Bxe3+ 23.Qxe3 Ra8 24.Bc4 Qc8 25.Bd3 Rxa2 26.Be4 Rxb2 27.Nbd4
Ra2 28.Nf4 Qc4 29.Kg2 h6 30.Nfxe6 Ra7 31.Bf3 Rf7 32.Bh5 Rf6 33.Qe4 Rxe6 
34.Be2 Qa2 35.Qf5 Rf6 0-1

[Event "6th OHRA Open"]
[Site "Amsterdam NED"]
[Date "1987.08.08"]
[Round "5"]
[White "Boersma, Paulus"]
[Black "Winants, Luc"]
[Result "0-1"]
[WhiteElo "2410"]
[BlackElo "2440"]
[EventDate "1987.08.03"]
[PlyCount "72"]

1.d4 Nf6 2.c4 e6 3.Nf3 c5 4.d5 exd5 5.cxd5 d6 6.Nc3 g6 7.Bg5 h6 8.Bh4 Bg7 
9.Nd2 Nbd7 10.e4 O-O 11.Be2 Re8 12.O-O g5 13.Bg3 Ne5 14.Rb1 Nfd7 15.Re1 
Nf8 16.Bxe5 Bxe5 17.Bg4 Ng6 18.Nc4 Qf6 19.Bxc8 Raxc8 20.Ne2 Bd4 21.Nxd4 
cxd4 22.Qa4 Nf4 23.Rbd1 d3 24.Ne3 b5 25.Ng4 Qxb2 26.Qxa7 Kg7 27.Ne3 d2 28.
Rf1 Rc1 29.Nf5+ Kg6 30.Nxd6 Rf8 31.Qe3 Ra8 32.g3 Rxa2 33.gxf4 Rxd1 34.Rxd1
Ra1 35.Qf3 Rxd1+ 36.Qxd1 Qc1 0-1

[Event "6th OHRA Open"]
[Site "Amsterdam NED"]
[Date "1987.08.09"]
[Round "6"]
[White "Hort, Vlastimil"]
[Black "Murey, Jacob"]
[Result "1/2-1/2"]
[WhiteElo "2570"]
[BlackElo "2505"]
[EventDate "1987.08.03"]
[PlyCount "51"]

1.d4 d5 2.c4 c6 3.Nf3 Nf6 4.Qc2 g6 5.g3 Bg7 6.Bg2 O-O 7.O-O Na6 8.cxd5 Nb4
9.Qb3 Nbxd5 10.Nbd2 Qb6 11.Qc2 Nb4 12.Qa4 c5 13.dxc5 Qxc5 14.Nb3 Qb6 15.
Be3 Bd7 16.Qa3 Nc2 17.Bxb6 Nxa3 18.Bc5 Nc4 19.Rac1 Nxb2 20.Nfd4 e5 21.Bxf8
Bxf8 22.Nf3 Re8 23.Nc5 Bc6 24.Rc2 Na4 25.Nxa4 Bxa4 26.Rb2 1/2-1/2

[Event "6th OHRA Open"]
[Site "Amsterdam NED"]
[Date "1987.08.09"]
[Round "6"]
[White "Dlugy, Maxim"]
[Black "Gavrikov, Viktor"]
[Result "1/2-1/2"]
[WhiteElo "2545"]
[BlackElo "2525"]
[EventDate "1987.08.03"]
[PlyCount "21"]

1.d4 Nf6 2.c4 g6 3.Nc3 d5 4.Nf3 Bg7 5.Bf4 c5 6.dxc5 Qa5 7.cxd5 Nxd5 8.Qxd5
Bxc3+ 9.Bd2 Be6 10.Bxc3 Qxc3+ 11.Qd2 1/2-1/2

[Event "6th OHRA Open"]
[Site "Amsterdam NED"]
[Date "1987.08.09"]
[Round "6"]
[White "Campora, Daniel Hugo"]
[Black "Rodriguez Cespedes, Amador"]
[Result "1-0"]
[WhiteElo "2545"]
[BlackElo "2515"]
[EventDate "1987.08.03"]
[PlyCount "75"]

1.e4 c5 2.Nf3 d6 3.d4 cxd4 4.Nxd4 Nf6 5.Nc3 Nc6 6.Bg5 e6 7.Qd2 a6 8.O-O-O 
h6 9.Be3 Be7 10.f3 Nxd4 11.Qxd4 b5 12.e5 dxe5 13.Qxe5 Qa5 14.Kb1 Bb7 15.
Bd3 O-O 16.Qg3 Kh8 17.Qh3 b4 18.Ne2 Qh5 19.Qg3 Nd5 20.Bd4 Bf6 21.Be4 Bxd4 
22.Rxd4 Rab8 23.Bxd5 Bxd5 24.Nf4 Qf5 25.Nxd5 exd5 26.Rhd1 Rfc8 27.R1d2 Rb5
28.Qe1 a5 29.Qd1 Re8 30.b3 Rd8 31.g4 Qd7 32.h4 Rc5 33.f4 g6 34.f5 gxf5 35.
Rf2 fxg4 36.Rdf4 d4 37.Rxf7 Qe8 38.Rf8+ 1-0